Introduction to the theory of traffic flow /

Gespeichert in:
Bibliographische Detailangaben
1. Verfasser: Leutzbach, Wilhelm (Verfasst von)
Format: Buch
Sprache:Englisch
Veröffentlicht: Berlin : Springer Verlag, 1988
Tags: Tag hinzufügen
Keine Tags, Fügen Sie das erste Tag hinzu!

MARC

LEADER 00000nam a22000003a 4500
001 stu28201
005 20150617225741.6
008 950302s1988----gw------------------eng-d
040 |a STU  |b slo 
041 0 |a eng 
044 |a gw 
080 |a 388.3'143 
100 1 |a Leutzbach, Wilhelm  |4 aut 
245 1 |a Introduction to the theory of traffic flow /  |c [aut]Leutzbach,Wilhelm 
260 |a Berlin :  |b Springer Verlag,  |c 1988 
300 |a 204 s 
996 |b 284V026711  |c V*38941/O-16398  |l VVT  |s A  |a 24  |w stu28201_0001